Statistics for Winners of Ballon d'Or

Click here to take the quiz!

General Stats

  • This quiz has been taken 27 times
    (4 since last reset)
  • The average score is 38 of 72

Answer Stats

Yearnationality and notesPlayer% Correct
2009ArgentinaLionel Messi
100%
2015ArgentinaLionel Messi
100%
2021ArgentinaLionel Messi
100%
2012ArgentinaLionel Messi
100%
2023ArgentinaLionel Messi
100%
2011ArgentinaLionel Messi
100%
2010Argentina (Ballon d'Or FIFA)Lionel Messi
100%
2019ArgentinaLionel Messi
100%
1997BrazilRonaldo
100%
2002BrazilRonaldo
100%
2018 womenNorwayAda Hegerberg
50%
2023 womenSpainAitana Bonmatí
50%
2022 womenSpainAlexia Putellas
50%
2021 womenSpainAlexia Putellas
50%
1957SpainAlfredo Di Stéfano
50%
1959SpainAlfredo Di Stéfano
50%
1977DenmarkAllan Simonsen
50%
2004UkraineAndriy Shevchenko
50%
1966EnglandBobby Charlton
50%
2008PortugalCristiano Ronaldo
50%
2013PortugalCristiano Ronaldo
50%
2014PortugalCristiano Ronaldo
50%
2016Portugal (Ballon d'Or)Cristiano Ronaldo
50%
2017PortugalCristiano Ronaldo
50%
1964ScotlandDenis Law
50%
1965PortugalEusébio
50%
2006ItalyFabio Cannavaro
50%
1967HungaryFlórián Albert
50%
1976West GermanyFranz Beckenbauer
50%
1972West GermanyFranz Beckenbauer
50%
1995Liberia (best player in Europe)George Weah
50%
1970West GermanyGerd Müller
50%
1969ItalyGianni Rivera
50%
1994BulgariaHristo Stoičkov
50%
1991FranceJean-Pierre Papin
50%
1971NetherlandsJohan Cruijff
50%
1974NetherlandsJohan Cruijff
50%
1973NetherlandsJohan Cruijff
50%
2007Brazil (best player in the world)Kaká
50%
2022FranceKarim Benzema
50%
1980West GermanyKarl-Heinz Rummenigge
50%
1981West GermanyKarl-Heinz Rummenigge
50%
1978EnglandKevin Keegan
50%
1979EnglandKevin Keegan
50%
1963Soviet UnionLev Yashin
50%
1990GermanyLothar Matthäus
50%
2000PortugalLuís Figo
50%
2018CroatiaLuka Modrić
50%
1992NetherlandsMarco van Basten
50%
1988NetherlandsMarco van Basten
50%
1989NetherlandsMarco van Basten
50%
1996GermanyMatthias Sammer
50%
2019 womenUnited StatesMegan Rapinoe
50%
2001EnglandMichael Owen
50%
1985FranceMichel Platini
50%
1983FranceMichel Platini
50%
1984FranceMichel Platini
50%
1975Soviet UnionOleh Blokhin
50%
1961ItalyOmar Sívori
50%
1982ItalyPaolo Rossi
50%
2003CzechiaPavel Nedvěd
50%
1993ItalyRoberto Baggio
50%
2005BrazilRonaldinho
50%
1987NetherlandsRuud Gullit
50%
1956England (best European player)Stanley Matthews
50%
1998FranceZinédine Zidane
50%
1968EnglandGeorge Best
0%
1986Soviet UnionIgor Belanov
0%
1962CzechoslovakiaJosef Masopust
0%
1960SpainLuis Suárez
0%
1958FranceRaymond Kopa
0%
1999BrazilRivaldo
0%

Score Distribution

Percentile by Number Answered

Percent of People with Each Score

Your Score History

You have not taken this quiz since the last reset